Science Quiz

Random Science or Geology Quiz

Mohs Hardness Scale Quiz Stats

 Plays Quiz Updated Nov 30, 2018

     
Support Sporcle.
Go Orange.
Score 0/10 Timer 03:00
5 Plays Today
Hardness Mineral % Correct
10Diamond
97.8%
1Talc
66.7%
7Quartz
62.5%
2Gypsum
39.6%
8Topaz
37.2%
3Calcite
35.8%
6Orthoclase Feldspar
34.4%
9Corundum
33%
4Fluorite
29.3%
5Apatite
28.7%

From the Vault

Miscellaneous Jumbles II

by beforever

It's a miscellaneous mix-em-up!
Remove Ads.
Support Sporcle.
Get the best of Sporcle when you Go Orange. This ad-free experience offers more features, more stats, and more fun while also helping to support Sporcle. Thank you for becoming a member.

Show Comments

Extras

Top Quizzes Today


Score Distribution

Your Account Isn't Verified!

In order to create a playlist on Sporcle, you need to verify the email address you used during registration. Go to your Sporcle Settings to finish the process.

Report this User

Report this user for behavior that violates our Community Guidelines.

Details: